000 00475nam a2200097Ia 4500
008 180130s9999 xx 000 0 und d
245 _cSoureshjani, Mehrnaz Heidari; Kimiagari, Ali Mohammad
_aCalculating the best cut off point using logistic regression and neural network on credit scoring problems: a case study of a commercial bank
260 _c2016
300 _aBook title: Information technology management--Acession number C20746; pages 237-244
650 _aIT MANAGEMENT
999 _c354278
_d354278